000 00480nam a2200193Ia 4500
005 20250425162643.0
008 250425s9999 xx 000 0 und d
020 _a0192629417
041 _aeng
082 _a614.4
245 0 _aSPATIAL EPIDEMIOLOGY: METHODS AND APPLICATIONS
250 _aS.E
260 _aEstados Unidos
_bOXFOR UNIVERSITY PRESS
_c2000
260 _aNEW YORK
300 _a475
650 _aEPIDEMIOLOGIA VETERINARIA
942 _c01
010 _a94275
999 _c233673
_d233673